<?xml version="1.0" encoding="UTF-8"?><?xml-stylesheet type="text/xsl" href="static/style.xsl"?><OAI-PMH xmlns="http://www.openarchives.org/OAI/2.0/" xmlns:xsi="http://www.w3.org/2001/XMLSchema-instance" xsi:schemaLocation="http://www.openarchives.org/OAI/2.0/ http://www.openarchives.org/OAI/2.0/OAI-PMH.xsd"><responseDate>2026-04-14T05:44:33Z</responseDate><request verb="GetRecord" identifier="oai:www.recercat.cat:2072/382693" metadataPrefix="marc">https://recercat.cat/oai/request</request><GetRecord><record><header><identifier>oai:recercat.cat:2072/382693</identifier><datestamp>2024-10-29T17:44:32Z</datestamp><setSpec>com_2072_98</setSpec><setSpec>col_2072_378192</setSpec></header><metadata><record xmlns="http://www.loc.gov/MARC21/slim" xmlns:dcterms="http://purl.org/dc/terms/" xmlns:xsi="http://www.w3.org/2001/XMLSchema-instance" xmlns:doc="http://www.lyncode.com/xoai" xsi:schemaLocation="http://www.loc.gov/MARC21/slim http://www.loc.gov/standards/marcxml/schema/MARC21slim.xsd">
   <leader>00925njm 22002777a 4500</leader>
   <datafield ind2=" " ind1=" " tag="042">
      <subfield code="a">dc</subfield>
   </datafield>
   <datafield ind2=" " ind1=" " tag="720">
      <subfield code="a">Serra Ruiz, Pere</subfield>
      <subfield code="e">author</subfield>
   </datafield>
   <datafield ind2=" " ind1=" " tag="720">
      <subfield code="a">Pons, Xavier</subfield>
      <subfield code="e">author</subfield>
   </datafield>
   <datafield ind2=" " ind1=" " tag="720">
      <subfield code="a">Saurí i Pujol, David</subfield>
      <subfield code="e">author</subfield>
   </datafield>
   <datafield ind2=" " ind1=" " tag="260">
      <subfield code="c">2004</subfield>
   </datafield>
   <datafield ind2=" " ind1=" " tag="520">
      <subfield code="a">En aquest article es descriu l'evolució històrica de les tres principals fonts per localitzar les cobertes i usos del sòl (CUS): el treball de camp, la fotografia aèria i la teledetecció amb imatges de satèl·lit. A continuació, s'analitza el mètode més emprat a l'hora de quantificar els canvis de les CUS, la comparació postclassificació o superposició de mapes, per tal d'indicar-ne les principals problemàtiques que pot comportar. Finalment, es presenta un exemple d'anàlisi de canvis de CUS (de 1977 a 1997) de vint-i-un municipis de l'Alt Empordà a partir d'imatges de satèl·lit.</subfield>
   </datafield>
   <datafield ind2=" " ind1=" " tag="520">
      <subfield code="a">En este artículo se describe la evolución histórica de las tres principales fuentes en la localización de las cubiertas y usos del suelo (CUS): el trabajo de campo, la fotografía aérea y la teledetección con imágenes de satélite. A continuación, se analiza el método más común a la hora de cuantificar los cambios en las CUS, la comparación postclasificación o superposición de mapas, indicando las principales problemáticas que puede comportar. Finalmente, se presenta un ejemplo de análisis de cambios de CUS (de 1977 a 1997) de veintiún municipios del Alt Empordà a partir de imágenes de satélite.</subfield>
   </datafield>
   <datafield ind2=" " ind1=" " tag="520">
      <subfield code="a">This paper describes the historical evolution of the three main sources for the study of land cover and land use: field work, aerial photographs and satellite remote sensing images. It goes on to analyse the commonest method for quantifying land cover and land use changes, the postclassification comparison or superposition of maps, discussing the principal problems associated with this method. Finally, an example of the analysis of land cover and land use changes in twenty-one municipalities of the Alt Empordà from 1977 to 1997 using remote sensing images is presented.</subfield>
   </datafield>
   <datafield tag="653" ind2=" " ind1=" ">
      <subfield code="a">Cobertes</subfield>
   </datafield>
   <datafield tag="653" ind2=" " ind1=" ">
      <subfield code="a">Usos del sòl</subfield>
   </datafield>
   <datafield tag="653" ind2=" " ind1=" ">
      <subfield code="a">Treball de camp</subfield>
   </datafield>
   <datafield tag="653" ind2=" " ind1=" ">
      <subfield code="a">Fotografia aèria</subfield>
   </datafield>
   <datafield tag="653" ind2=" " ind1=" ">
      <subfield code="a">Teledetecció amb imatges de satèl·lit</subfield>
   </datafield>
   <datafield tag="653" ind2=" " ind1=" ">
      <subfield code="a">Cubiertas</subfield>
   </datafield>
   <datafield tag="653" ind2=" " ind1=" ">
      <subfield code="a">Usos del suelo</subfield>
   </datafield>
   <datafield tag="653" ind2=" " ind1=" ">
      <subfield code="a">Trabajo de campo</subfield>
   </datafield>
   <datafield tag="653" ind2=" " ind1=" ">
      <subfield code="a">Fotografía aérea</subfield>
   </datafield>
   <datafield tag="653" ind2=" " ind1=" ">
      <subfield code="a">Teledetección con imágenes de satélite</subfield>
   </datafield>
   <datafield tag="653" ind2=" " ind1=" ">
      <subfield code="a">Land cover</subfield>
   </datafield>
   <datafield tag="653" ind2=" " ind1=" ">
      <subfield code="a">Land use</subfield>
   </datafield>
   <datafield tag="653" ind2=" " ind1=" ">
      <subfield code="a">Field work</subfield>
   </datafield>
   <datafield tag="653" ind2=" " ind1=" ">
      <subfield code="a">Aerial photographs</subfield>
   </datafield>
   <datafield tag="653" ind2=" " ind1=" ">
      <subfield code="a">Remote sensing images</subfield>
   </datafield>
   <datafield ind2="0" ind1="0" tag="245">
      <subfield code="a">Evolució metodològica i instrumental en la detecció de les cobertes i usos del sòl i en l'anàlisi dels seus canvis</subfield>
   </datafield>
</record></metadata></record></GetRecord></OAI-PMH>